Pokémon - Bekannte Trainer aus Kanto und Johto - Statistiken

Allgemein
  • Dieses Quiz wurde 103 mal gespielt
  • Das Durchschnittsergebnis liegt bei 134 aus 201
Antwortstatistiken
Trainer Pokémon % Korrekt
Onix
100%
Rocko Kleinstein
98%
Georok
95%
Geowaz
95%
Pikachu
93%
Starmie
93%
Misty Sterndu
93%
Garados
91%
Turtok
91%
Blau Bisaflor
88%
Gengar
88%
Glurak
88%
Sabrina Kadabra
88%
Raichu
88%
Schiggy
88%
Schillok
88%
Simsala
88%
Blau Tauboss
88%
Falk Taubsi
88%
Major Bob Voltobal
88%
Abra
86%
Alpollo
86%
Arkani
86%
Bisaknosp
86%
Bisasam
86%
Dragoran
86%
Glumanda
86%
Glutexo
86%
Golbat
86%
Iksbat
86%
Lapras
86%
Lektrobal
86%
Jens Nebulak
86%
Sichlor
86%
Jasmin Stahlos
86%
Tauboga
86%
Lance Zubat
86%
Aerodactyl
84%
Blitza
84%
Sandra Dragonir
84%
Jugong
84%
Rihorn
84%
Erika Sarzenia
84%
Aquana
81%
Flamara
81%
Pyro Fukano
81%
Giflor
81%
Kicklee
81%
Magneton
81%
Miltank
81%
Nidoking
81%
Nidoqueen
81%
Psiana
81%
Rizeros
81%
Amoroso
79%
Agathe Arbok
79%
Gallopa
79%
Hypno
79%
Impergator
79%
Kabutops
79%
Keifel
79%
Kokowei
79%
Magmar
79%
Magnetilo
79%
Melanie Nachtara
79%
Nockchan
79%
Omot
79%
Quappo
79%
Team Rocket Rettan
79%
Rossana
79%
Seedraking
79%
Smogmog
79%
Koga/Janina Smogon
79%
Ultrigaria
79%
Duflor
77%
Elektek
77%
Endivie
77%
Ibitak
77%
Igelavar
77%
Norbert Jurob
77%
Bruno Kapoera
77%
Karnimani
77%
Kokuna
77%
Pantimos
77%
Ponita
77%
Scherox
77%
Tornupto
77%
Silber Feurigel
74%
Lorblatt
74%
Machomei
74%
Meganie
74%
Trace Myrapla
74%
Nidorino
74%
Bianka Piepi
74%
Hartwig Rasaff
74%
Kai Safcon
74%
Sleimok
74%
Tangela
74%
Tyracroc
74%
Vulnona
74%
Lorelei Austos
72%
Enton
72%
Entoron
72%
Evoli
72%
Siegfried Seemon
72%
Habitak
70%
Hundemon
70%
Knogga
70%
Lahmus
70%
Owei
70%
Pinsir
70%
Sandamer
70%
Tauros
70%
Eusin Traumato
70%
Vulpix
70%
Bluzuk
67%
Giovanni Digdri
67%
Giovanni Kangama
67%
Kramurx
67%
Mauzi
67%
Noctuh
67%
Pixi
67%
Rot Relaxo
67%
Skaraborn
67%
Tragosso
67%
Ariados
65%
Blubella
65%
Muschas
65%
Sandan
65%
Snobilikat
65%
Mamutel
63%
Panzaeron
63%
Rattikarl
63%
Tentoxa
63%
Despotar
60%
Elevoltek
60%
Atlas Hunduster
60%
Knuddeluff
60%
Rattfratz
60%
Traunfugil
60%
Magbrant
58%
Magcargo
58%
Magnezone
58%
Willi Xatu
58%
Kramshef
56%
Traunmagil
56%
Koga Forstellka
53%
Rihornior
53%
Sniebel
53%
Firnontor
51%
Frosdedje
51%
Parasek
51%
Papungha
49%
Matsurika Pummeluff
49%
Snibunna
49%
Tangoloss
49%
Galagladi
47%
Rexblisar
47%
Woingenau
47%
Guardevoir
44%
Lanturn
44%
Lucario
44%
Morlord
44%
Voltenso
44%
Zwirrfinst
44%
Drifzepeli
40%
Girafarig
40%
Roserade
40%
Schwalboss
40%
Staraptor
40%
Walraisa
40%
Yanmega
40%
Bojelin
37%
Bronzong
37%
Honweisel
37%
Kryppuk
37%
Qurtel
37%
Tengulist
37%
Zobiris
37%
Camerupt
35%
Meditalis
35%
Piondragi
35%
Schlurplek
35%
Skuntank
35%
Toxiquak
35%
Bidifas
33%
Hariyama
33%
Metagross
33%
Milotic
33%
Pelipper
33%
Rameidon
33%
Absol
30%
Pachirisu
30%
Groink
28%
Ninjatom
28%
Schlukwech
28%
Enekoro
26%
Kapilz
23%
Relicanth
23%
Impoleon
19%
Keine übereinstimmenden Quizze gefunden
Verteilung der Resultate
Anzahl Personen mit jedem Resultat
Perzentil nach korrekt beantworteten Fragen
Ihre Resultats-Entwicklung
Sie haben dieses Quiz noch nicht gespielt